Élements de physique expérimentale et de météorologie / (Record no. 162499)

MARC details
000 -LEADER
campo de control de longitud fija 00752nam a2200205 i 4500
001 - NÚMERO DE CONTROL
campo de control 162499
003 - IDENTIFICADOR DE NÚMERO DE CONTROL
campo de control ES-MaACL
005 - FECHA Y HORA DE LA ÚLTIMA TRANSACCIÓN
campo de control 20250725062545.0
008 - DATOS DE LONGITUD FIJA--INFORMACIÓN GENERAL
campo de control de longitud fija 041117s1847 fr a |||| | fre d
040 ## - FUENTE DE CATALOGACIÓN
Centro catalogador/agencia de origen CAM
Lengua de catalogación spa
Centro/agencia transcriptor CAM
100 1# - ENTRADA PRINCIPAL--NOMBRE DE PERSONA
Nombre de persona Pouillet, Claude Servais Mathias.
9 (RLIN) 131319
245 10 - MENCIÓN DEL TÍTULO
Título Élements de physique expérimentale et de météorologie /
Mención de responsabilidad, etc. par M. Pouillet.
250 ## - MENCION DE EDICION
Mención de edición 5e. éd.
260 ## - PUBLICACIÓN, DISTRIBUCIÓN, ETC.
Lugar de publicación, distribución, etc. Paris :
Nombre del editor, distribuidor, etc. Béchet Jeune, libraire-éditeur,
Fecha de publicación, distribución, etc. 1847 (
Fabricante Typographie de Firmin Didot Frères)
300 ## - DESCRIPCIÓN FÍSICA
Extensión 2 v. (VII, 23 h. de lám. pleg., 876 p.; 836 p., 40 h. de lám. pleg.) ;
Dimensiones 22 cm.
650 #7 - PUNTO DE ACCESO ADICIONAL DE MATERIA--TÉRMINO DE MATERIA
Término de materia o nombre geográfico como elemento de entrada Física
Fuente del encabezamiento o término embne
9 (RLIN) 12877
650 #4 - PUNTO DE ACCESO ADICIONAL DE MATERIA--TÉRMINO DE MATERIA
Término de materia o nombre geográfico como elemento de entrada Metereología.
9 (RLIN) 15019
852 ## - LOCALIZACIÓN
Ubicación ES-MaACL
Número de control de estantería G-8157-58
Nota libre -- Enc. hol.
Holdings
Estatus retirado Estado de pérdida Estado de daño No para préstamo Colección Biblioteca de origen Biblioteca actual Ubicación en estantería Fecha de adquisición Total de préstamos Signatura topográfica completa Código de barras Visto por última vez Precio de reemplazo Tipo de ítem Koha
        Libros del s. XIX Biblioteca del Ateneo de Madrid Biblioteca del Ateneo de Madrid Sala Pecera Planta 3 17/01/2008   G-8157-58 1170237 23/02/2023 23/02/2023 Libro impreso antiguo